Prestressed concrete (Record no. 796)

MARC details
000 -LEADER
fixed length control field 00895 a2200241 4500
008 - FIXED-LENGTH DATA ELEMENTS--GENERAL INFORMATION
fixed length control field 080821t xxu||||| |||| 00| 0 eng d
010 ## - LIBRARY OF CONGRESS CONTROL NUMBER
LC control number ENG-84954
020 ## - INTERNATIONAL STANDARD BOOK NUMBER
International Standard Book Number 0070634440
Terms of availability 325.00
020 ## - INTERNATIONAL STANDARD BOOK NUMBER
International Standard Book Number .
035 ## - SYSTEM CONTROL NUMBER
System control number EN-68487
037 ## - SOURCE OF ACQUISITION
Source of stock number/acquisition D.B.Act / Pub
082 ## - DEWEY DECIMAL CLASSIFICATION NUMBER
Classification number 624.18341
100 ## - MAIN ENTRY--PERSONAL NAME
Personal name Krishna Raju, N.
245 ## - TITLE STATEMENT
Title Prestressed concrete
Statement of responsibility, etc by N. Krishna Raju
250 ## - EDITION STATEMENT
Edition statement 4th ed
260 ## - PUBLICATION, DISTRIBUTION, ETC. (IMPRINT)
Place of publication, distribution, etc New Delhi
Name of publisher, distributor, etc Hindustan Book Agency
Date of publication, distribution, etc 2007
270 ## - ADDRESS
Address P 19, Green Park Ext.
City New Delhi
State or province Delhi
Postal code 110016
Electronic mail address hba@vsnl.com
300 ## - PHYSICAL DESCRIPTION
Extent xxiv, 784 p. ;
Dimensions 23 cm. (Pbk)
500 ## - GENERAL NOTE
General note Includes bibliographical references and index
650 ## - SUBJECT ADDED ENTRY--TOPICAL TERM
Topical term or geographic name as entry element Prestressed concrete
942 ## - ADDED ENTRY ELEMENTS (KOHA)
Institution code [OBSOLETE] dpl
Koha item type English Books
Call number prefix 624.18341 / KRI
Source of classification or shelving scheme Dewey Decimal Classification
Classification part 624.18341
Call number suffix KRI
Holdings
Withdrawn status Lost status Damaged status Not for loan Home library Current library Date acquired Cost, normal purchase price Total Checkouts Full call number Barcode Date last seen Copy number Uniform Resource Identifier Cost, replacement price Price effective from Koha item type
        Andrews Gunj D.B.Act.Division 21/08/2008 325.00   624.18341 KRI EN-68487 15/09/2008 1 764 325.00 15/09/2008 English Books

© Delhi Public Library
Hit Counter
free hit counter